00893nab a22002177a 4500999001500000003000400015005001700019008004100036040000700077100002900084245009600113300001400209505015500223505007200378650002800450650001900478650002800497650003300525773010400558942001300662 c5825d5825OSt20260107121702.0190514b xxu||||| |||| 00| 0 spa d cPJ 95661aCurti, Patricio J.13aEl contenido y alcance de la cuota alimentaria debida por los abuelos /cPatricio J. Curti. ap. 95-103 aSumario: I. Cruce preliminar.— II. Algunas variables para considerar.— III. Cese de la obligación alimentaria.— IV. Palabras de conclusión.  tSi te interesa el texto, comunicate a koha@justierradelfuego.gov.ar 09967aDERECHO DE FAMILIA 09968aALIMENTOS 094099aCUOTA ALIMENTARIA 091074aOBLIGACION ALIMENTARIA0 0284493222dBuenos Aires : AbeledoPerrot, 1989-tDerecho de familia. N° 118 - Marzo 2025z18511201 2udccANA